Internal combustion engines and air pollution (Record no. 4453)

000 -LEADER
fixed length control field 00551nam a22001937a 4500
001 - CONTROL NUMBER
control field 4453
003 - CONTROL NUMBER IDENTIFIER
control field BD-DhUET
008 - FIXED-LENGTH DATA ELEMENTS--GENERAL INFORMATION
fixed length control field 141116b xxu||||| |||| 00| 0 eng d
020 ## - INTERNATIONAL STANDARD BOOK NUMBER
International Standard Book Number 0352045600
040 ## - CATALOGING SOURCE
Transcribing agency 0
Modifying agency BD-DhUET
082 ## - DEWEY DECIMAL CLASSIFICATION NUMBER
Classification number 621.43
Item number OBE/1973
100 ## - MAIN ENTRY--PERSONAL NAME
Personal name Obert, Edward F.
245 ## - TITLE STATEMENT
Title Internal combustion engines and air pollution
Remainder of title based on internal combustion engines
250 ## - EDITION STATEMENT
Edition statement 3rd ed.
260 ## - PUBLICATION, DISTRIBUTION, ETC. (IMPRINT)
Place of publication, distribution, etc. New York
Name of publisher, distributor, etc. Intext Educational Publishers
Date of publication, distribution, etc. 1973
300 ## - PHYSICAL DESCRIPTION
Extent xiii, 740 p.
Other physical details ill.
650 #0 - SUBJECT ADDED ENTRY--TOPICAL TERM
Topical term or geographic name as entry element Internal combustion engines
942 ## - ADDED ENTRY ELEMENTS (KOHA)
Koha item type General Book
Holdings
Koha normalized classification for sorting Copy number Koha full call number Date acquired Price effective from Koha date last borrowed Koha issues (times borrowed) Shelving location Sublocation or collection (holding branch) Withdrawn status Piece designation (barcode) Damaged status Koha item type Not for loan Location (home branch) Koha date last seen Lost status Source of classification or shelving scheme
621_000000000000000_43OBE1973 621.43/OBE/19732014-11-162014-11-162014-11-161Circulation sectionCentral Library, BUET 42113 General Book Central Library, BUET2015-10-12  
621_430000000000000_OBE_19732621.43/OBE/19732015-04-132015-04-132018-02-033Circulation sectionCentral Library, BUET 42111 General Book Central Library, BUET2018-02-17  
621_430000000000000_OBE_19733621.43/OBE/19732015-06-162015-06-16  Reading sectionCentral Library, BUET 42105 Reading Item Central Library, BUET2015-06-16  
621_430000000000000_OBE_19734621.43/OBE/19732015-06-302015-06-30  Reading sectionCentral Library, BUET 48959 Reading Item Central Library, BUET2015-06-30  
621_430000000000000_OBE_19735621.43/OBE/19732015-07-022015-07-02  Reading sectionCentral Library, BUET 42108 Reading Item Central Library, BUET2015-07-02  
621_430000000000000_OBE_19736621.43/OBE/19732015-07-042015-07-04  Reading sectionCentral Library, BUET 48939 Reading Item Central Library, BUET2015-07-04